| 000 | 00775nam a2200253Ia 4500 | ||
|---|---|---|---|
| 005 | 20250425162251.0 | ||
| 008 | 250425s9999 xx 000 0 und d | ||
| 020 | _a9688805378 | ||
| 041 | _aspa | ||
| 082 | _a004.62 | ||
| 100 | _aCOMER, DOUGLAS E. | ||
| 245 | 0 | _aEL LIBRO DE INTERNET: TODO LO QUE USTED DESEA SABER SOBRE REDES DE COMPUTADORAS Y ACERCA DE COMO FUNCIONA INTERNET | |
| 250 | _a1A ED. | ||
| 260 |
_aEstados Unidos _bPRENTICE HALL HISPANOAMERICANA _c1995 |
||
| 260 | _aS.L. | ||
| 300 | _a312 | ||
| 500 |
_aEN CIBGZ-FIMCP D-65112 _4.00 JUL.19.06 PARA ING. MECANICA.- MHP. |
||
| 650 | _aHISTORIA DE INTERNET | ||
| 650 | _aINTERNET | ||
| 650 | _aREDES DE COMPUTADORAS | ||
| 700 |
_aHUGO A. ACUÑA S. _etraductor |
||
| 942 | _c01 | ||
| 010 | _a59238 | ||
| 999 |
_c225741 _d225741 |
||